ბათუმის შოთა რუსთაველის სახელმწიფო უნივერსიტეტის ბიბლიოთეკა

მერქნის სიმტკიცის მახასიათებლების დადგენა : ხისა და პლასტმასის სამშენებლო კონსტრუქციები (ბიბ.ჩანაწერი № 43781)

000 -LEADER
fixed length control field 01326nam a2200241Ia 4500
001 - CONTROL NUMBER
control field 10526
003 - CONTROL NUMBER IDENTIFIER
control field GE_BSU
008 - FIXED-LENGTH DATA ELEMENTS--GENERAL INFORMATION
fixed length control field 181216s||||||||xx |||||||||||||| ||und||
020 ## - INTERNATIONAL STANDARD BOOK NUMBER
International Standard Book Number 9789941203060
040 ## - CATALOGING SOURCE
Transcribing agency GE_BSU
080 ## - UNIVERSAL DECIMAL CLASSIFICATION NUMBER
Universal Decimal Classification number 624.011.1(076.5)
100 ## - MAIN ENTRY--PERSONAL NAME
Personal name ხმელიძე,თ. მ. მოდებაძე, ფ. ვერულაშვილი [და სხვ.]
245 ## - TITLE STATEMENT
Title მერქნის სიმტკიცის მახასიათებლების დადგენა : ხისა და პლასტმასის სამშენებლო კონსტრუქციები
245 ## - TITLE STATEMENT
Remainder of title მეთოდ. მითითებები ლაბორატორიული სამუშაოების შესასრულებლად
260 ## - PUBLICATION, DISTRIBUTION, ETC.
Place of publication, distribution, etc. თბილისი
260 ## - PUBLICATION, DISTRIBUTION, ETC.
Name of publisher, distributor, etc. ტექნიკური უნ–ტი
260 ## - PUBLICATION, DISTRIBUTION, ETC.
Date of publication, distribution, etc. 2013
300 ## - PHYSICAL DESCRIPTION
Extent 36გვ.ცხრ.ნახ.28სმ.
300 ## - PHYSICAL DESCRIPTION
Accompanying material ბიბლიოგრ. გვ. 34
653 ## - INDEX TERM--UNCONTROLLED
Uncontrolled term მერქნის სიმტკიცის მახასიათებლების დადგენა : ხისა და პლასტმასის სამშენებლო კონსტრუქციები
942 ## - ADDED ENTRY ELEMENTS (KOHA)
Koha item type წიგნი
ეგზემპლარები
Withdrawn status Lost status Damaged status Not for loan Date acquired Barcode Date last seen Price effective from Koha item type Public note
        2018-12-17 34539 2018-12-17 2018-12-17 წიგნი ილია ჭავჭავაძის ბიბლიოთეკა
        2018-12-17 34540 2018-12-17 2018-12-17 წიგნი საინჟინრო–ტექნ. ფაკულტეტის ბიბლ–ია
        2018-12-17 34541 2018-12-17 2018-12-17 წიგნი საინჟინრო–ტექნ. ფაკულტეტის ბიბლ–ია
        2018-12-17 34542 2018-12-17 2018-12-17 წიგნი საინჟინრო–ტექნ. ფაკულტეტის ბიბლ–ია
        2018-12-17 34543 2018-12-17 2018-12-17 წიგნი საინჟინრო–ტექნ. ფაკულტეტის ბიბლ–ია